000 01543nmm a2200325 a 4500
003 CO-CtgCURN
005 20250329165430.0
007 co cga---uuuuu
008 160531s2012 i eng d
040 _aCO-CtgCURN
_bspa
_ccoctgcurn
082 0 _aENF 2012
_bB276f
245 0 0 _aFactores presentes en las infecciones respiratorias agudas en los adultos mayores de los Centros de Vida Cesar Flórez y Socorro de Cartagena 2012
_h[electronic resource] /
_cLiseth Rocio Barrios Madarriaga ... [et al.].
260 _aCartagena de Indias :
_bCorporación Universitaria Rafael Núñez,
_c2012.
300 _a1 CD-Rom.
336 _2rdacontent
337 _2rdamedia
_asin mediacion
_bn
338 _2rdacarrier
_avolumen
_bnc
500 _aIncluye anexos.
502 _aTrabajo de grado (Enfermera (o)). Corporación Universitaria Rafael Nuñez. Facultad de Ciencias de la Salud. Programa de Enfermeria, 2012.
504 _aIncluye bibliografia.
590 _aEnfemeria
650 0 _aEnfermeria
_vTesis y disertaciones academicas.
700 1 _aBarrios Madarriaga, Liseth Rocio.
700 1 _aCastilla Castillo, Ana Mercedez.
700 1 _aRios García, Liliana Patricia.
700 1 _aZapateiro Pérez, Gisela Margarita.
856 7 _uhttps://unicurn.sharepoint.com/:b:/s/biblioteca/Efha4EbaW_ZKrCvK6Q0dZNEBpiATX7yjpBBY4L2cOFQYhA?e=XuE0l7
_zClick aqui para ver el recurso en texto completo
942 _hENF 2012
_iB276f
_2ddc
_cTG
999 _c3810
_d3810